[Event "C.to Provinciale KR 2009"]
[Site "Cutro ITA"]
[Date "2008.12.05"]
[Round "1"]
[White "Paragliola, Gennaro"]
[Black "Scerra, Ezio"]
[Result "1-0"]
[WhiteElo "1637"]
[BlackElo "1368"]
[PlyCount "63"]
[EventDate "2008.12.05"]

1. d4 d5 2. c4 Nf6 3. Nc3 c6 4. Nf3 g6 5. Bg5 Bg7 6. e3 Bg4 7. h3 Bxf3 8. Qxf3
O-O 9. Bd3 h6 10. Bxf6 Bxf6 11. cxd5 e6 12. dxe6 fxe6 13. Qe4 Qe8 14. Qxg6+
Qxg6 15. Bxg6 Kg7 16. Bd3 Bh4 17. O-O Nd7 18. Ne4 Rad8 19. Bc2 Nb6 20. Nc5 Kf6
21. Bb3 Nd5 22. Nxb7 Rb8 23. Nc5 Ke7 24. Rac1 Bf6 25. Ne4 Nb4 26. Nc5 e5 27.
Ne6 Nxa2 28. Bxa2 Rxb2 29. Nxf8 exd4 30. Rxc6 d3 31. Nh7 Be5 32. Re6+ 1-0

[Event "C.to Provinciale KR 2009"]
[Site "Cutro ITA"]
[Date "2008.12.05"]
[Round "1"]
[White "Rotunno, Giuseppe"]
[Black "Scalise, Sandro"]
[Result "1-0"]
[WhiteElo "1946"]
[BlackElo "1583"]
[PlyCount "99"]
[EventDate "2008.12.05"]

1. d4 c6 2. c4 d6 3. Nc3 g6 4. g3 Bg7 5. Bg2 Nf6 6. Nf3 O-O 7. O-O e5 8. dxe5
dxe5 9. Qxd8 Rxd8 10. Nxe5 Be6 11. b3 Ng4 12. f4 Nxe5 13. fxe5 Bxe5 14. Bg5 Nd7
15. Bxd8 Bxc3 16. Bg5 Bxa1 17. Rxa1 f6 18. Bf4 Re8 19. Rd1 Bf5 20. e4 Bg4 21.
Rd6 Nc5 22. Be3 Nxe4 23. Bxe4 Rxe4 24. Bxa7 Re1+ 25. Kg2 Re2+ 26. Bf2 Rxa2 27.
h3 Bxh3+ 28. Kxh3 Rxf2 29. Rd8+ Kf7 30. Rd7+ Ke6 31. Rxb7 h5 32. Rb6 Kd6 33. b4
g5 34. g4 Rf3+ 35. Kg2 hxg4 36. b5 Rf4 37. Rxc6+ Kd7 38. c5 f5 39. Rd6+ Kc7 40.
Rf6 Rb4 41. b6+ Kd7 42. c6+ Kd8 43. Rf8+ Ke7 44. c7 Rb2+ 45. Kf1 Rb1+ 46. Ke2
Rb2+ 47. Kd3 Rb3+ 48. Kc2 g3 49. c8=Q g2 50. Qc5+ 1-0

[Event "C.to Provinciale KR 2009"]
[Site "Cutro ITA"]
[Date "2008.12.06"]
[Round "2"]
[White "Abatino, Maurizio"]
[Black "Guzzo, Giovanni"]
[Result "1-0"]
[WhiteElo "2174"]
[BlackElo "1768"]
[PlyCount "57"]
[EventDate "2008.12.05"]

1. d4 Nf6 2. c4 g6 3. Nc3 d5 4. Bg5 c6 5. e3 Bg7 6. Nf3 O-O 7. Bd3 dxc4 8. Bxc4
b5 9. Bd3 Nbd7 10. O-O Bb7 11. Rc1 a6 12. b4 Ne8 13. Ne4 f6 14. Bh4 Nc7 15. Bg3
Nd5 16. Qb3 Kh8 17. Nc3 N7b6 18. Nxd5 Nxd5 19. Rfd1 a5 20. bxa5 Qxa5 21. Bb1
Qa3 22. Nd2 e5 23. dxe5 fxe5 24. Ne4 Qxb3 25. axb3 Ra3 26. Nc5 Bc8 27. Be4 Rd8
28. Bh4 Rd6 29. Be7 1-0

[Event "C.to Provinciale KR 2009"]
[Site "Cutro ITA"]
[Date "2008.12.06"]
[Round "2"]
[White "Manfredi, Candido"]
[Black "Olivo, Paolo"]
[Result "1/2-1/2"]
[WhiteElo "1695"]
[BlackElo "1571"]
[PlyCount "109"]
[EventDate "2008.12.05"]

1. e4 c5 2. Nf3 d6 3. d4 cxd4 4. Nxd4 Nf6 5. Nc3 a6 6. Bd3 Nbd7 7. Nde2 e6 8.
O-O Be7 9. Ng3 Qc7 10. Nh5 Nxh5 11. Qxh5 Nf6 12. Qd1 b5 13. Ne2 Bb7 14. Ng3 O-O
15. Bg5 Rfe8 16. Qe2 h6 17. Bxf6 Bxf6 18. Rab1 g6 19. Qg4 Bg7 20. f4 Qc5+ 21.
Kh1 h5 22. Qh3 f5 23. b3 Bf6 24. Nxh5 gxh5 25. Qxh5 fxe4 26. Qg6+ Bg7 27. Bxe4
Bxe4 28. Qxe4 Qf5 29. Qc6 d5 30. Rbe1 Rac8 31. Qxa6 Rxc2 32. Qxb5 Qg6 33. Re2
Rec8 34. a4 Rxe2 35. Qxe2 Rc2 36. Qf3 Rc3 37. Qd1 d4 38. h3 Qe4 39. a5 Rxh3+
40. Kg1 Rg3 41. Rf3 Rxf3 42. Qxf3 Qe1+ 43. Kh2 Qxa5 44. g4 Qd5 45. Kg3 d3 46.
Qxd5 exd5 47. Kf3 d2 48. Ke2 Bc3 49. f5 Kf7 50. g5 d4 51. Kd1 Kg7 52. Ke2 d3+
53. Kd1 Bb4 54. f6+ Kg6 55. f7 1/2-1/2

[Event "C.to Provinciale KR 2009"]
[Site "Cutro ITA"]
[Date "2008.12.06"]
[Round "2"]
[White "Virelli, Salvatore"]
[Black "De Zerbi, Sergio"]
[Result "0-1"]
[WhiteElo "1467"]
[BlackElo "1600"]
[PlyCount "61"]
[EventDate "2008.12.05"]

1. e4 c5 2. Nf3 a6 3. d4 cxd4 4. Nxd4 e5 5. Nf3 Nf6 6. Bg5 Nc6 7. c3 Be7 8.
Bxf6 Bxf6 9. Nbd2 b5 10. a3 Bb7 11. Nb3 Be7 12. Qd5 Qc7 13. Qd3 O-O 14. h4 Rfe8
15. g4 d5 16. O-O-O dxe4 17. Qxe4 Nd4 18. Qd3 Nxb3+ 19. Kb1 Rad8 20. Qc2 Rxd1+
21. Qxd1 Bxf3 22. Qxb3 Bxh1 23. g5 Qd6 24. g6 Be4+ 25. Ka1 Bxg6 26. Be2 Bd3 27.
Bh5 Bc4 28. Qc2 Rd8 29. Bf3 e4 30. Bg4 f5 31. b4 0-1

[Event "C.to Provinciale KR 2009"]
[Site "Cutro ITA"]
[Date "2008.12.06"]
[Round "2"]
[White "Zavaglia, Giuseppe"]
[Black "Rotunno, Giuseppe"]
[Result "1-0"]
[WhiteElo "1910"]
[BlackElo "1946"]
[PlyCount "64"]
[EventDate "2008.12.05"]

1. e4 c5 2. c3 d5 3. exd5 Qxd5 4. d4 e5 5. dxe5 Qxd1+ 6. Kxd1 Nc6 7. Nf3 Bg4 8.
Bf4 Nge7 9. Bb5 a6 10. Bxc6+ Nxc6 11. Nbd2 O-O-O 12. Ke2 Bf5 13. Rhd1 Bd3+ 14.
Ke1 Be7 15. Nf1 Rhe8 16. Ne3 f6 17. Rd2 b5 18. Rad1 c4 19. Rc1 Bc5 20. exf6
gxf6 21. b4 Nxb4 22. cxb4 Bxb4 23. Kd1 Kb7 24. Ne1 Bg6 25. Rxd8 Rxd8+ 26. Ke2
Bd3+ 27. Nxd3 cxd3+ 28. Kd1 Rd4 29. g3 Ba5 30. Nf5 Ra4 31. Nd6+ Ka7 32. Be3+
Bb6 1-0

[Event "C.to Provinciale KR 2009"]
[Site "Cutro ITA"]
[Date "2008.12.06"]
[Round "3"]
[White "Guzzo, Giovanni"]
[Black "Zavaglia, Giuseppe"]
[Result "0-1"]
[WhiteElo "1768"]
[BlackElo "1910"]
[PlyCount "44"]
[EventDate "2008.12.05"]

1. f4 d5 2. Nf3 c5 3. e3 a6 4. Be2 Nf6 5. O-O Nc6 6. c3 d4 7. cxd4 cxd4 8. Nxd4
Nxd4 9. exd4 Qxd4+ 10. Kh1 Ne4 11. Qe1 e6 12. Bf3 Nf6 13. Nc3 Bd6 14. Ne4 O-O
15. d3 Rd8 16. Be3 Qxb2 17. Rb1 Qxa2 18. Nxf6+ gxf6 19. Qh4 Be7 20. Be4 h6 21.
Qxh6 f5 22. Rf3 Qxb1+ 0-1

[Event "C.to Provinciale KR 2009"]
[Site "Cutro ITA"]
[Date "2008.12.06"]
[Round "3"]
[White "Paragliola, Gennaro"]
[Black "Abatino, Maurizio"]
[Result "0-1"]
[WhiteElo "1637"]
[BlackElo "2174"]
[PlyCount "36"]
[EventDate "2008.12.05"]

1. d4 Nf6 2. Bg5 Ne4 3. Bh4 g5 4. f3 gxh4 5. fxe4 c5 6. Nf3 Qb6 7. b3 cxd4 8.
Qxd4 Qxd4 9. Nxd4 Bg7 10. c3 Nc6 11. e3 d6 12. Nd2 O-O 13. N2f3 Bf6 14. O-O-O
Bd7 15. Kd2 Rac8 16. Nf5 Rfd8 17. Bc4 d5 18. Bxd5 Bxf5 0-1

[Event "C.to Provinciale KR 2009"]
[Site "Cutro ITA"]
[Date "2008.12.06"]
[Round "3"]
[White "Rotunno, Giuseppe"]
[Black "De Zerbi, Sergio"]
[Result "1-0"]
[WhiteElo "1946"]
[BlackElo "1600"]
[PlyCount "121"]
[EventDate "2008.12.05"]

1. d4 d5 2. Nf3 Nf6 3. c4 c6 4. Nc3 g6 5. Bg5 Bg7 6. e3 O-O 7. Bd3 Bg4 8. h3
Bxf3 9. Qxf3 e6 10. cxd5 cxd5 11. O-O a6 12. e4 h6 13. Be3 dxe4 14. Nxe4 Nxe4
15. Qxe4 Nc6 16. Rad1 Qe7 17. d5 exd5 18. Qxd5 Rad8 19. Qb3 Kh7 20. Rfe1 Qb4
21. Qxb4 Nxb4 22. Bb1 Rfe8 23. Bc5 Rxe1+ 24. Rxe1 Nc6 25. Be4 Bxb2 26. Rb1 Be5
27. g3 Rb8 28. Kg2 Kg8 29. f4 Bc7 30. Be3 Na5 31. Bb6 Bxb6 32. Rxb6 Nc4 33.
Rxb7 Rxb7 34. Bxb7 a5 35. Kf3 Kg7 36. Ba6 Nd6 37. g4 Kf6 38. Ke3 Ke6 39. Kd4 f5
40. Bd3 Kf6 41. Kd5 Ne8 42. Kc5 Nc7 43. gxf5 gxf5 44. Kb6 Nd5+ 45. Kxa5 Nxf4
46. Bf1 Nd5 47. a3 Ke5 48. Kb5 Kd6 49. Bg2 f4 50. Bf3 Nc7+ 51. Kc4 Ne6 52. h4
Ke5 53. a4 Kd6 54. a5 Kc7 55. Kd5 Kd7 56. Bg4 f3 57. Bxe6+ Kc7 58. Bh3 Kb7 59.
Bf1 f2 60. Ke4 Kc7 61. Kf3 1-0

[Event "C.to Provinciale KR 2009"]
[Site "Cutro ITA"]
[Date "2008.12.06"]
[Round "3"]
[White "Scerra, Ezio"]
[Black "Manfredi, Candido"]
[Result "0-1"]
[WhiteElo "1368"]
[BlackElo "1695"]
[PlyCount "152"]
[EventDate "2008.12.05"]

1. c4 e6 2. g3 c5 3. Nc3 Nf6 4. Nf3 Be7 5. e4 d6 6. Bg2 e5 7. Qc2 O-O 8. O-O
Nc6 9. Ne2 b6 10. d3 Bb7 11. Be3 a5 12. Ne1 Ng4 13. Qd2 f5 14. exf5 Rxf5 15. h3
Nxe3 16. fxe3 Rxf1+ 17. Kxf1 Qd7 18. Bd5+ Kh8 19. Kg2 Rf8 20. Nf3 Bc8 21. Neg1
Nb4 22. Be4 Bf6 23. a3 Na6 24. Rf1 Bb7 25. Ng5 h6 26. Bxb7 Qxb7+ 27. Ne4 Nb8
28. Kh2 Nd7 29. Nxd6 Qc6 30. Nb5 Rd8 31. e4 Nf8 32. Nf3 Nh7 33. Nc3 Ng5 34. Nd5
Qe6 35. Nxg5 Bxg5 36. Qf2 Kg8 37. h4 Be7 38. Qf5 Rd6 39. Qxe6+ Rxe6 40. a4 Kh7
41. Rf7 Bd8 42. Rb7 Rd6 43. Rb8 Kg6 44. Rb7 h5 45. Kh3 Kh6 46. Ne7 Bxe7 47.
Rxe7 g6 48. Rxe5 Rxd3 49. Re6 Rb3 50. Re8 Kg7 51. Rd8 Rxb2 52. Rd6 Rb4 53. e5
Kf7 54. g4 Rb3+ 55. Kg2 hxg4 56. Rd7+ Ke6 57. Rg7 Kxe5 58. Rxg6 Kf4 59. h5 Kf5
60. Rd6 Ke5 61. Rg6 Kf5 62. Rd6 Kf4 63. Rd1 Rb2+ 64. Kg1 Kg5 65. Rd5+ Kh6 66.
Rf5 Rb4 67. Kg2 Rxc4 68. Rf6+ Kxh5 69. Rxb6 Rxa4 70. Rb5 Kh4 71. Rxc5 Ra2+ 72.
Kg1 g3 73. Rc1 a4 74. Re1 a3 75. Kf1 Rb2 76. Kg1 a2 0-1

[Event "C.to Provinciale KR 2009"]
[Site "Cutro ITA"]
[Date "2008.12.07"]
[Round "4"]
[White "Abatino, Maurizio"]
[Black "Zavaglia, Giuseppe"]
[Result "1-0"]
[WhiteElo "2174"]
[BlackElo "1910"]
[PlyCount "85"]
[EventDate "2008.12.05"]

1. d4 Nf6 2. c4 e6 3. Nc3 Bb4 4. e3 b6 5. Bd3 Bb7 6. Nf3 Ne4 7. O-O Bxc3 8.
bxc3 f5 9. Ne1 Nxc3 10. Qh5+ g6 11. Qh6 Qf6 12. f3 d5 13. Bd2 dxc4 14. Bxc4 Nd5
15. Nc2 Nc6 16. a4 a5 17. Na3 O-O-O 18. Nb5 Rhe8 19. Rac1 Kb8 20. Rfd1 Rd7 21.
e4 Ndb4 22. Bf4 Rc8 23. Bg5 Qf7 24. Qh4 h5 25. Qg3 Re8 26. Rd2 Rc8 27. Rcd1 Ne7
28. Qe5 Nec6 29. Qxe6 Qe8 30. exf5 gxf5 31. Qxf5 Ne7 32. Qe6 Ned5 33. Re1 Qf7
34. Qxf7 Rxf7 35. Re5 Rg8 36. h4 Rd7 37. Nc3 Rxg5 38. Re8+ Bc8 39. hxg5 Nxc3
40. Be6 Rd6 41. Bxc8 c5 42. g6 Kc7 43. g7 1-0

[Event "C.to Provinciale KR 2009"]
[Site "Cutro ITA"]
[Date "2008.12.07"]
[Round "4"]
[White "Guzzo, Giovanni"]
[Black "Olivo, Paolo"]
[Result "0-1"]
[WhiteElo "1768"]
[BlackElo "1571"]
[PlyCount "102"]
[EventDate "2008.12.05"]

1. f4 d5 2. Nf3 Bf5 3. e3 e6 4. Be2 Nc6 5. O-O Nf6 6. d4 Nb4 7. Na3 c5 8. Bb5+
Nc6 9. Ne5 Qc7 10. c3 a6 11. Qa4 Rc8 12. Bxc6+ bxc6 13. Qxa6 Bd6 14. Qe2 c4 15.
Qe1 Ne4 16. Nc2 c5 17. Na3 Rb8 18. Qh4 cxd4 19. exd4 f6 20. g4 fxe5 21. gxf5
exf5 22. fxe5 Be7 23. Qh5+ g6 24. Qh6 Bf8 25. Qh3 h5 26. Nc2 Kf7 27. a3 Ke6 28.
Nb4 Qb6 29. Qf3 Bg7 30. Qg2 g5 31. Bxg5 Bxe5 32. Kh1 Bd6 33. Rae1 Rbf8 34. h4
Rhg8 35. Rf3 Qb7 36. Qh3 Qh7 37. Bf4 Rg4 38. Bxd6 Kxd6 39. Re2 Qe7 40. Qh2+ f4
41. Rh3 Ng3+ 42. Rxg3 fxg3 43. Rxe7 gxh2 44. Re5 Rf2 45. Rxd5+ Ke6 46. Re5+ Kf7
47. Re1 Rxb2 48. Rf1+ Kg6 49. Rf8 Kg7 50. Rf5 Rxh4 51. Rf1 Rg4 0-1

[Event "C.to Provinciale KR 2009"]
[Site "Cutro ITA"]
[Date "2008.12.07"]
[Round "4"]
[White "Manfredi, Candido"]
[Black "Virelli, Salvatore"]
[Result "1-0"]
[WhiteElo "1695"]
[BlackElo "1467"]
[PlyCount "70"]
[EventDate "2008.12.05"]

1. e4 c5 2. Nf3 d6 3. d4 cxd4 4. Nxd4 Nf6 5. Nc3 a6 6. Be2 b5 7. f3 e5 8. Nb3
Be7 9. Bg5 Bb7 10. Bxf6 Bxf6 11. Nd5 Bxd5 12. Qxd5 Ra7 13. O-O-O Be7 14. g3 O-O
15. f4 exf4 16. gxf4 Nd7 17. Kb1 Nb6 18. Qd3 Rd7 19. Qg3 Bf6 20. Rhg1 Qe7 21.
e5 dxe5 22. Rxd7 Nxd7 23. Bd3 e4 24. Re1 Nc5 25. Nxc5 Qxc5 26. Rxe4 Qh5 27. Re1
Bh4 28. Qh3 g6 29. Rg1 Qc5 30. Rf1 Bf6 31. c3 Rd8 32. f5 b4 33. fxg6 fxg6 34.
Qe6+ Kg7 35. Qxf6+ Kh6 1-0

[Event "C.to Provinciale KR 2009"]
[Site "Cutro ITA"]
[Date "2008.12.07"]
[Round "4"]
[White "Paragliola, Gennaro"]
[Black "Rotunno, Giuseppe"]
[Result "0-1"]
[WhiteElo "1637"]
[BlackElo "1946"]
[PlyCount "82"]
[EventDate "2008.12.05"]

1. d4 d5 2. c4 c6 3. Nf3 Nf6 4. Nc3 e6 5. Bg5 Be7 6. e3 O-O 7. Qc2 dxc4 8. Bxc4
b5 9. Bd3 Nbd7 10. Ne4 g6 11. Qxc6 Qa5+ 12. Ned2 Ba6 13. Qc2 Rac8 14. Qd1 b4
15. Bxa6 Qxa6 16. Qe2 Qb6 17. Nc4 Qb5 18. b3 Nb6 19. Nxb6 Qxb6 20. O-O Rc3 21.
Ne5 Qc7 22. Nc4 h5 23. f3 Nd5 24. Bxe7 Qxe7 25. Qd2 Qg5 26. f4 Qf5 27. Nd6 Qd3
28. Qxd3 Rxd3 29. e4 Nc3 30. e5 Rxd4 31. g3 h4 32. Kg2 hxg3 33. hxg3 a5 34. Rh1
Rd2+ 35. Kf3 f6 36. Kg4 fxe5 37. fxe5 Kg7 38. Rh3 Rd4+ 39. Kg5 Ne4+ 40. Kh4
Nxd6+ 41. g4 Rh8+ 0-1

[Event "C.to Provinciale KR 2009"]
[Site "Cutro ITA"]
[Date "2008.12.07"]
[Round "4"]
[White "Scalise, Sandro"]
[Black "Scerra, Ezio"]
[Result "1-0"]
[WhiteElo "1583"]
[BlackElo "1368"]
[PlyCount "77"]
[EventDate "2008.12.05"]

1. d4 Nf6 2. Bg5 d6 3. Bxf6 gxf6 4. e4 Bg7 5. Nc3 O-O 6. Qd2 f5 7. O-O-O e5 8.
dxe5 Bxe5 9. f4 Bg7 10. e5 Bh6 11. g3 Nc6 12. exd6 Be6 13. Nf3 cxd6 14. Qxd6
Qa5 15. Nd4 Nxd4 16. Rxd4 Bg7 17. Ra4 Qd8 18. Qa3 a6 19. Bg2 Re8 20. Rd1 Bf8
21. Rxd8 Bxa3 22. Rxe8+ Rxe8 23. Rxa3 Bc8 24. Kd2 b6 25. Nd5 Rd8 26. Rd3 Kg7
27. Nxb6 Rxd3+ 28. Kxd3 Be6 29. Bd5 Kg6 30. Bxe6 fxe6 31. Kd4 Kh5 32. h3 h6 33.
Ke5 Kg6 34. Nd7 Kf7 35. Kd6 h5 36. h4 Kg7 37. Ke7 Kh8 38. Kf7 Kh7 39. c4 1-0

[Event "C.to Provinciale KR 2009"]
[Site "Cutro ITA"]
[Date "2008.12.07"]
[Round "5"]
[White "Olivo, Paolo"]
[Black "De Zerbi, Sergio"]
[Result "1/2-1/2"]
[WhiteElo "1571"]
[BlackElo "1600"]
[PlyCount "28"]
[EventDate "2008.12.05"]

1. e4 c5 2. Nf3 a6 3. d4 cxd4 4. Nxd4 e5 5. Nf3 Nf6 6. Bg5 Nc6 7. a3 Be7 8. Nc3
d6 9. h3 b5 10. Bd3 Bb7 11. Bxf6 Bxf6 12. Nd5 Rc8 13. O-O O-O 14. c3 Na5
1/2-1/2

[Event "C.to Provinciale KR 2009"]
[Site "Cutro ITA"]
[Date "2008.12.07"]
[Round "5"]
[White "Scerra, Ezio"]
[Black "Guzzo, Giovanni"]
[Result "0-1"]
[WhiteElo "1368"]
[BlackElo "1768"]
[PlyCount "66"]
[EventDate "2008.12.05"]

1. c4 e6 2. g3 Nf6 3. Bg2 g6 4. d4 Bg7 5. Nf3 O-O 6. O-O c6 7. Bf4 d6 8. Nc3
Nh5 9. Be3 Nd7 10. Qd2 Re8 11. Ne1 e5 12. Nc2 exd4 13. Nxd4 Ne5 14. Rfe1 Nxc4
15. Qc1 Nxe3 16. fxe3 Bh6 17. Nd1 Nf6 18. Kh1 Ng4 19. Nc2 Qe7 20. Qd2 d5 21.
Qd3 Nxe3 22. Ndxe3 Bxe3 23. Rf1 Bb6 24. Qf3 Bf5 25. Ne1 Qxe2 26. Qxe2 Rxe2 27.
b4 Rae8 28. Nf3 h6 29. a4 Be4 30. Ne1 Bxg2+ 31. Nxg2 Rb2 32. a5 Ree2 33. Nf4
Rxh2# 0-1

[Event "C.to Provinciale KR 2009"]
[Site "Cutro ITA"]
[Date "2008.12.07"]
[Round "5"]
[White "Virelli, Salvatore"]
[Black "Paragliola, Gennaro"]
[Result "1-0"]
[WhiteElo "1467"]
[BlackElo "1637"]
[PlyCount "66"]
[EventDate "2008.12.05"]

1. e4 e6 2. d4 b6 3. Nf3 Bb7 4. Bd3 Nf6 5. e5 Nd5 6. Be4 f5 7. exf6 gxf6 8. O-O
Nc6 9. Bxd5 exd5 10. c3 Bd6 11. Re1+ Ne7 12. b3 Kf7 13. a4 c6 14. Nh4 Rg8 15.
Qh5+ Kg7 16. Qh6+ Kf7 17. Qxh7+ Rg7 18. Qh5+ Kg8 19. Bh6 Rh7 20. Qg4+ Kf7 21.
Qh5+ Kg8 22. Nd2 Qe8 23. Qg4+ Kh8 24. Rxe7 Bxe7 25. Ng6+ Kg8 26. Re1 Rxh6 27.
Nxe7+ Kf7 28. Nf3 Qd8 29. Qf4 Rh7 30. Ng5+ Kg7 31. Nxh7 Kxh7 32. Qf5+ Kg7 33.
Qg6+ Kh8 1-0

[Event "C.to Provinciale KR 2009"]
[Site "Cutro ITA"]
[Date "2008.12.07"]
[Round "5"]
[White "Zavaglia, Giuseppe"]
[Black "Manfredi, Candido"]
[Result "1/2-1/2"]
[WhiteElo "1910"]
[BlackElo "1695"]
[PlyCount "67"]
[EventDate "2008.12.05"]

1. e4 c5 2. Nf3 Nc6 3. d4 cxd4 4. Nxd4 e5 5. Nb5 a6 6. Nd6+ Bxd6 7. Qxd6 Qf6 8.
Qxf6 Nxf6 9. Bd3 d5 10. Nc3 dxe4 11. Nxe4 Nxe4 12. Bxe4 Bd7 13. Be3 f5 14. Bd5
Nb4 15. Bb3 Bc6 16. O-O Bd5 17. c4 Bf7 18. Rfd1 Rc8 19. Ba4+ Nc6 20. Bxc6+ Rxc6
21. b3 O-O 22. Rd7 b5 23. cxb5 axb5 24. Rb7 f4 25. Bd2 Rd8 26. Bb4 Ra8 27. Re1
Re6 28. Rxb5 Rxa2 29. Rb8+ Be8 30. Bc3 Rc2 31. Ba1 h6 32. h3 e4 33. Rb7 Bf7 34.
Bd4 1/2-1/2

[Event "IV Torneo B"]
[Site "Assisi ITA"]
[Date "2008.12.20"]
[Round "1"]
[White "Bertolini, Ettore"]
[Black "Vitali, Roberto"]
[Result "1-0"]
[WhiteElo "1890"]
[BlackElo "1535"]
[PlyCount "107"]
[EventDate "2008.12.20"]

1. e4 d5 2. exd5 Nf6 3. Nc3 Nxd5 4. Bc4 Nxc3 5. Qf3 e6 6. Qxc3 Qg5 7. Nf3 Qxg2
8. Rg1 Qh3 9. Bf1 Qf5 10. Qxc7 Qe4+ 11. Be2 Na6 12. Qc4 Nc5 13. d4 Nd7 14. Qa4
g6 15. Be3 a6 16. O-O-O Be7 17. Ne5 b5 18. Qa5 Nxe5 19. dxe5 O-O 20. Qc7 Re8
21. Rg4 Qb7 22. Qxb7 Bxb7 23. Rd7 Bd5 24. Kb1 Bf8 25. Bg5 Bc6 26. Rd3 Rac8 27.
Bf6 Be7 28. Bxe7 Rxe7 29. h4 h6 30. h5 g5 31. Rc3 Rec7 32. f4 Be4 33. fxg5
Bxc2+ 34. Ka1 Bf5 35. Rgg3 Rxc3 36. bxc3 Kh7 37. Kb2 Rg8 38. a4 bxa4 39. Bxa6
a3+ 40. Ka2 hxg5 41. Be2 g4 42. c4 Rg5 43. Kxa3 Be4 44. Rxg4 Rxe5 45. Rxe4 Rxe4
46. Bd3 f5 47. Bxe4 fxe4 48. Kb3 Kh6 49. c5 Kxh5 50. c6 e3 51. Kc4 Kg4 52. c7
e2 53. Kd3 Kf3 54. c8=Q 1-0

[Event "IV Torneo B"]
[Site "Assisi ITA"]
[Date "2008.12.20"]
[Round "1"]
[White "Cicioni, Luigi"]
[Black "Cesarini, Leopoldo"]
[Result "0-1"]
[WhiteElo "1673"]
[BlackElo "1920"]
[PlyCount "84"]
[EventDate "2008.12.20"]

1. e4 g6 2. Nc3 c6 3. f4 d5 4. d4 Bg7 5. e5 h5 6. Nf3 Nh6 7. Bd3 Bg4 8. Be3 e6
9. O-O Nd7 10. Qd2 Bxf3 11. Rxf3 Nf5 12. Bxf5 gxf5 13. Rg3 Bf8 14. Ne2 Qb6 15.
c4 Bb4 16. Qc2 dxc4 17. Qxc4 Qa5 18. Bf2 Nb6 19. Qc2 Nd5 20. a3 Be7 21. Be1 Qa6
22. Qd3 Qb6 23. Bd2 Rd8 24. Nc3 Nxf4 25. Bxf4 Rxd4 26. Be3 Rxd3 27. Bxb6 Rxg3
28. hxg3 axb6 29. Kf2 h4 30. Kf3 hxg3 31. Kxg3 Kd7 32. Rd1+ Kc7 33. Kf3 b5 34.
Ne2 Bc5 35. Nf4 Rh7 36. Nd3 Bd4 37. b3 Rh8 38. Re1 Ra8 39. a4 bxa4 40. bxa4
Rxa4 41. Nf4 Ra3+ 42. Ke2 Re3+ 0-1

[Event "IV Torneo B"]
[Site "Assisi ITA"]
[Date "2008.12.20"]
[Round "1"]
[White "Ciuchi, Francesco"]
[Black "Serafini, Gino"]
[Result "1-0"]
[WhiteElo "1440"]
[BlackElo "1863"]
[PlyCount "109"]
[EventDate "2008.12.20"]

1. e4 e6 2. d4 d5 3. exd5 exd5 4. Nf3 Nf6 5. Bd3 Bg4 6. O-O Be7 7. h3 Bh5 8. c3
Nbd7 9. Be3 O-O 10. Nbd2 c5 11. Qc2 c4 12. Be2 Bg6 13. Qc1 Rc8 14. Re1 Bd6 15.
Nf1 b5 16. Bf4 Bxf4 17. Qxf4 Qb6 18. a3 Rce8 19. Ng3 Ne4 20. Ng5 Nxg3 21. Qxg3
h6 22. Nf3 Nf6 23. Ne5 Bf5 24. Qf4 Be6 25. Bf3 Re7 26. Re2 Rfe8 27. Rae1 Qc7
28. Ng6 Qxf4 29. Nxf4 g5 30. Nxd5 Nxd5 31. Bxd5 Kf8 32. Bc6 Rd8 33. d5 Bxd5 34.
Rxe7 Bxc6 35. Rc7 Rd6 36. Ree7 Rd1+ 37. Kh2 Bd5 38. Red7 Ke8 39. Re7+ Kf8 40.
Rcd7 Rd3 41. Re5 Be6 42. Rxd3 cxd3 43. Re4 a5 44. Rd4 Bf5 45. g4 Bg6 46. Kg3
Ke7 47. Kf3 Ke6 48. Ke3 f5 49. Kd2 f4 50. f3 Ke5 51. Rd7 h5 52. Rb7 b4 53. axb4
axb4 54. Rxb4 hxg4 55. hxg4 1-0

[Event "IV Torneo B"]
[Site "Assisi ITA"]
[Date "2008.12.20"]
[Round "1"]
[White "Fratini, Mauro"]
[Black "Mazza, Daniele"]
[Result "0-1"]
[WhiteElo "1940"]
[BlackElo "1765"]
[PlyCount "78"]
[EventDate "2008.12.20"]

1. d4 Nf6 2. Bf4 e6 3. e3 d5 4. Nf3 Nbd7 5. Nbd2 c5 6. c3 b6 7. Bd3 Bb7 8. Qe2
c4 9. Bc2 b5 10. O-O Nh5 11. Bg3 Nxg3 12. fxg3 Bd6 13. e4 O-O 14. e5 Be7 15. h3
Qc7 16. Nh2 Rae8 17. Ng4 f6 18. Nf3 f5 19. Ne3 Rf7 20. a4 b4 21. cxb4 Bxb4 22.
Ng5 Rfe7 23. h4 h6 24. Nh3 Nxe5 25. dxe5 Qxe5 26. Nf4 Bc5 27. Ng6 Qxe3+ 28.
Qxe3 Bxe3+ 29. Kh1 Rc7 30. Ne5 Bd4 31. Rae1 Bxe5 32. Rxe5 Rce7 33. Rfe1 Kf7 34.
h5 d4 35. g4 d3 36. Bd1 Be4 37. Rc5 Rb8 38. Rxc4 Rxb2 39. gxf5 exf5 0-1

[Event "IV Torneo B"]
[Site "Assisi ITA"]
[Date "2008.12.20"]
[Round "1"]
[White "Mannori, Giampaolo"]
[Black "Vannelli, Vittorio"]
[Result "1/2-1/2"]
[WhiteElo "1515"]
[BlackElo "1884"]
[PlyCount "102"]
[EventDate "2008.12.20"]

1. e4 e5 2. Nf3 Nc6 3. Bb5 Nf6 4. d3 d6 5. c3 Be7 6. O-O O-O 7. Nbd2 a6 8. Ba4
b5 9. Bc2 Re8 10. Re1 Nh5 11. Nf1 g6 12. Ng3 Nxg3 13. fxg3 Bb7 14. d4 exd4 15.
cxd4 Bf6 16. a3 Na5 17. Rb1 c5 18. d5 Nc4 19. b3 Nb6 20. Bb2 Nd7 21. Bxf6 Nxf6
22. Qd2 Rc8 23. Re2 Qe7 24. Rbe1 Ng4 25. Qf4 Ne5 26. Nxe5 Qxe5 27. Qxe5 Rxe5
28. Bb1 Rce8 29. Kf2 a5 30. Bd3 Ba6 31. Rc2 f5 32. Rce2 c4 33. bxc4 bxc4 34.
Bc2 Kg7 35. exf5 Kf6 36. fxg6 hxg6 37. Rxe5 Rxe5 38. Rxe5 Kxe5 39. Bxg6 Kxd5
40. h4 Ke5 41. Ke3 Bb7 42. Kf2 Be4 43. Bxe4 Kxe4 44. Ke2 d5 45. h5 Kf5 46. Ke3
Ke5 47. h6 d4+ 48. Kf3 Kf6 49. g4 c3 50. g5+ Kg6 51. Ke2 c2 1/2-1/2

[Event "IV Torneo B"]
[Site "Assisi ITA"]
[Date "2008.12.20"]
[Round "1"]
[White "Migliozzi, Giuseppe"]
[Black "Parrini, Fabio"]
[Result "1-0"]
[WhiteElo "1569"]
[BlackElo "1900"]
[PlyCount "77"]
[EventDate "2008.12.20"]

1. Nf3 Nf6 2. b3 Nc6 3. Bb2 d6 4. e3 e5 5. Bb5 Be7 6. O-O O-O 7. Bxc6 bxc6 8.
d3 Nd5 9. c4 Nf6 10. h3 c5 11. Nc3 c6 12. e4 Nh5 13. Ne2 Bg5 14. Bc1 Bxc1 15.
Qxc1 f5 16. Qg5 Qxg5 17. Nxg5 h6 18. Nf3 fxe4 19. dxe4 Bxh3 20. Nxe5 Bxg2 21.
Kxg2 dxe5 22. Rad1 Rad8 23. f3 g5 24. Rh1 Rxd1 25. Rxd1 Nf6 26. Ng3 h5 27. Nf5
g4 28. Rd6 gxf3+ 29. Kxf3 h4 30. Rxc6 h3 31. Ne7+ Kh7 32. Kg3 Nxe4+ 33. Kxh3
Rf3+ 34. Kg4 Rf4+ 35. Kh5 Nf6+ 36. Kg5 Kg7 37. Nf5+ Kf7 38. Rxf6+ Ke8 39. Re6+
1-0

[Event "IV Torneo B"]
[Site "Assisi ITA"]
[Date "2008.12.20"]
[Round "1"]
[White "Minelli, Francesco"]
[Black "Rampini, Carlo"]
[Result "1-0"]
[WhiteElo "1873"]
[BlackElo "1488"]
[PlyCount "55"]
[EventDate "2008.12.20"]

1. e4 e5 2. Nf3 Nc6 3. Bb5 a6 4. Ba4 b5 5. Bb3 Na5 6. c3 Nxb3 7. Qxb3 d6 8. d4
Be6 9. Qc2 f6 10. O-O Ne7 11. dxe5 dxe5 12. Be3 Ng6 13. Nbd2 Bd6 14. Rad1 O-O
15. Nb3 Qe7 16. Na5 c5 17. Nb7 Qxb7 18. Rxd6 Qc8 19. Rfd1 Nf4 20. Bxf4 exf4 21.
a3 Bg4 22. Qe2 Qc7 23. h3 Bc8 24. Nh4 Re8 25. Qh5 Be6 26. Nf5 Bxf5 27. Qxf5
Rad8 28. Qd5+ 1-0

[Event "IV Torneo B"]
[Site "Assisi ITA"]
[Date "2008.12.20"]
[Round "1"]
[White "Sorbelli, Massimo"]
[Black "Marinucci, Johnny"]
[Result "1-0"]
[WhiteElo "1929"]
[BlackElo "1746"]
[PlyCount "99"]
[EventDate "2008.12.20"]

1. d4 Nf6 2. c4 c6 3. Nc3 d5 4. e3 Bf5 5. Nf3 e6 6. c5 Nbd7 7. Be2 h6 8. O-O
Be7 9. Ne1 O-O 10. Bd3 Re8 11. b4 Ne4 12. Nxe4 dxe4 13. Bc4 Nf6 14. a4 Qc7 15.
h3 Red8 16. Bd2 Nd5 17. Nc2 Bg6 18. b5 f5 19. Nb4 Be8 20. g4 Bf6 21. Bxd5 exd5
22. bxc6 fxg4 23. cxb7 Qxb7 24. Qxg4 Qf7 25. Rfb1 a5 26. Nc2 Bd7 27. Qg3 Qh5
28. Rb6 Kh7 29. Ne1 Bxh3 30. Ng2 Bxg2 31. Kxg2 Rf8 32. Rh1 Qf3+ 33. Qxf3 exf3+
34. Kg3 Rae8 35. Rd6 Re4 36. Rxd5 Bd8 37. Rxd8 Rxd8 38. Kxf3 Re6 39. Bxa5 Rf8+
40. Ke2 Ra6 41. Bd2 Rxa4 42. c6 Kg6 43. Rc1 Kf5 44. c7 Raa8 45. Rc6 Rfc8 46.
Kf3 Kg5 47. e4+ Kh4 48. d5 Rf8+ 49. Kg2 h5 50. Rg6 1-0